00471nam a2200157Ia 4500008004100000020001500041082001500056100002200071245004500093250000800138260004200146300002900188500001900217600002700236650005000263240925s9999 xx 000 0 und d a8178084627 a004.36 COU aCoulouris, George 0aDistributed Systems: concepts and design a3rd aSingapore:bPearson educationc,2005. axx,1200p.bNAfPhotocopy aIncludes Index aEngineering Technology aComputer science, information & general works